JEE Advanced Physics: (Record no. 189037)

MARC details
000 -LEADER
fixed length control field 00581nam a2200181 4500
005 - DATE AND TIME OF LATEST TRANSACTION
control field 20220609165244.0
010 ## - LCCN (DPL NO)
LC control number ENG-133206
020 ## - INTERNATIONAL STANDARD BOOK NUMBER
International Standard Book Number 9789390577149
Terms of availability 835.00
035 ## - SYSTEM CONTROL NUMBER
System control number EN-116738
037 ## - SOURCE OF ACQUISITION
Source of stock number/acquisition DBAD/PUB
082 ## - DEWEY DECIMAL CLASSIFICATION NUMBER
Classification number 530
100 ## - MAIN ENTRY--PERSONAL NAME
Personal name Sardana, Rahul
245 ## - TITLE STATEMENT
Title JEE Advanced Physics:
Remainder of title Mechanics-II/
Statement of responsibility, etc Rahul Sardana
260 ## - PUBLICATION, DISTRIBUTION, ETC. (IMPRINT)
Place of publication, distribution, etc Noida
Name of publisher, distributor, etc Pearson India Education Services Pvt. Ltd.
Date of publication, distribution, etc 2021
270 ## - ADDRESS
Address 15th Floor, Tower-B, World Trade Tower, Plot No.1, Block-C, Sector 16
City Noida
Postal code 201301
300 ## - PHYSICAL DESCRIPTION
Extent V.p.
Dimensions 25cm(pbk)
942 ## - ADDED ENTRY ELEMENTS (KOHA)
Source of classification or shelving scheme Dewey Decimal Classification
Item type English Books
Classification part 530
Call number suffix SAR
Holdings
Withdrawn status Lost status Not for loan Collection code Home library Current library Date acquired Source of acquisition Cost, normal purchase price Full call number Barcode Copy number Cost, replacement price Koha item type
      Non-fiction Ashok Vihar Ashok Vihar 09/06/2022 DBAD/PUB 835.00 530 SAR EN-116738 1 835.00 English Books

© Delhi Public Library
Hit Counter
free hit counter